000 00223nam a22000857a 4500
008 170613b xxu||||| |||| 00| 0 eng d
100 _93379
_aPandey. V. K
245 _aInformation Technology - VII
260 _aNew Delhi
_bAPC
_c2010
999 _c6723
_d6723